| 000 | 00524nam a2200157Ia 4500 | ||
|---|---|---|---|
| 008 | 230907s9999||||xx |||||||||||||| ||und|| | ||
| 082 |
_a621 _bUSM |
||
| 100 |
_aUsman Ashraf (00000206572) _9116598 |
||
| 245 | 0 | _aDevelopment of Nanocomposite LSCF Perovskite-Based Cathode Material for Intermediate Temperature Solid Oxide Fuel Cells / | |
| 260 |
_aUSPCAS-E, NUST, _bIslamabad : _c2021 |
||
| 300 | _a61 p. | ||
| 520 | _aTH-288 | ||
| 650 |
_aMS-ESE Thesis _9116599 |
||
| 700 |
_aDr Zuhair S. Khan _928871 |
||
| 942 |
_cTHE _2ddc |
||
| 999 |
_c601966 _d601966 |
||